TV Couples by Image Quiz Stats

 Plays Quiz Updated Aug 14, 2018

Also try: TV Series by Wives
Challenge
Share
Tweet
Score 0/24 Timer 04:00
0 Plays Today
# TV Show % Correct
1The Simpsons
99.5%
23Friends
95.4%
21Family Guy
91.8%
14Scrubs
90.2%
20The Cosby Show
89%
13I Love Lucy
86.9%
7Sex and the City
86.3%
12Roseanne
84%
2Cheers
82.1%
11The Addams Family
79.1%
22Married with Children
74.2%
10The Office (U.S.)
73.3%
# TV Show % Correct
24The Sopranos
71.3%
17Bewitched
70.8%
3The Brady Bunch
68.5%
19Futurama
67.7%
5All in the Family
64.7%
9Dharma and Greg
63.5%
4The Honeymooners
59.7%
18Mad About You
55.1%
15The Dick Van Dyke Show
53.5%
6Moonlighting
51.2%
16Desperate Housewives
45.1%
8Gilligan's Island
32.1%

You're not logged in!

Compare scores with friends on all Sporcle quizzes.
Join for Free
OR
Log In

You Might Also Like...

Show Comments

Extras

Top Quizzes Today


Score Distribution

Your Account Isn't Verified!

In order to create a playlist on Sporcle, you need to verify the email address you used during registration. Go to your Sporcle Settings to finish the process.

Report this User

Report this user for behavior that violates our Community Guidelines.

Details: